| 000 | 00691nam a2200193 u 4500 | ||
|---|---|---|---|
| 001 | 000705551 | ||
| 003 | AM-YeHGA | ||
| 005 | 20250617142623.0 | ||
| 008 | 091225s1982 |||| |||||||||| | rus c | ||
| 040 | _aAM-YeHGA | ||
| 041 | 0 | _arus | |
| 100 | 1 | _aКораблинов, Владимир Александрович | |
| 245 | 1 | 0 |
_aИзбранное : _bВ 2-х томах / _cВ.А. Кораблинов. |
| 260 |
_aМосква : _bМол. гвардия, _c1982. |
||
| 300 | _aт. | ||
| 505 | 0 | 0 |
_gТ. 1 (335 с.) : _tЖизнь Кольцова: Роман _gТ. 2 (351 с.) : _tЖизнь Никитина: Роман |
| 650 | 1 | 4 | _aРусская литература |
| 090 | _c262382 | ||
| 999 |
_c260770 _d260770 |
||